| 000 | 00344nam a22001337a 4500 | ||
|---|---|---|---|
| 999 |
_c15304 _d15304 |
||
| 020 | _a9788172339326 | ||
| 082 |
_a631.587 _bGUP/MA |
||
| 100 |
_aGUPTA, S. K _91104 |
||
| 245 | _aManagement of saline & waste water in agriculture | ||
| 260 |
_aNew Delhi _bScientific Publishers _c2015 |
||
| 300 | _a316 | ||
| 700 |
_aGupta I. C _91102 |
||
| 942 | _cBK | ||